Statistics for Hamiton's songs

Click here to take the quiz!

General Stats

  • This quiz has been taken 48 times
  • The average score is 35 of 46

Answer Stats

Hint% Correct
2Aaron Burr, Sir
98%
1Alexander Hamilton
98%
3My Shot
98%
10Helpless
90%
5The Schuyler Sisters
90%
7You'll be Back
90%
8Right Hand Man
88%
11Satisfied
85%
4The Story of Tonight
85%
23Non-stop
83%
12The Story of Tonight (Reprise)
83%
13Wait for It
83%
20Yorktown (The World Turned Upside Down)
83%
9A Winter's Ball
80%
15Burn
80%
22Dear Theodosia
80%
2Cabinet Battle 1
78%
7Cabinet Battle 2
78%
18Guns and Ships
78%
4Say No to This
78%
14Stay Alive
78%
17Stay Alive (Reprise)
78%
15The Ten Duel Commandments
78%
1What'd I Miss?
78%
23Who Lives, Who Dies, Who Tells Your Story?
76%
6Farmer Refuted
73%
19History Has Its Eyes on You
73%
9One Last Time
73%
3Take a Break
73%
12We Know
73%
16Meet me Inside
71%
17That Would Be Enough
71%
13Hurricane
68%
18It's Quiet Uptown
68%
21Best of Wives and Best of Women
66%
10I Know Him
66%
19The Election of 1800
66%
5The Room Where it Happens
66%
8Washington on Your Side
66%
20Your Obedient Servant
66%
6Schuyler Defeated
63%
14The Reynolds Pamphlet
63%
21What Comes Next?
63%
16Blow us All Away
59%
11The Adams Administration
59%
22The World was Wide Enough
59%

Score Distribution

Percentile by Number Answered

Percent of People with Each Score

Your Score History

You have not taken this quiz